000 00798nam a2200193Ii 4500
003 JO-AjNU
008 230605s9999||||xx |||||||||||||| ||und||
040 _aJO-AjNU
_bara
_erda
_cJO-AjNU
041 _aara
050 1 4 _aLC4031.B6812 2000
100 3 _aبرادلي،ديان...... وآخرون/الشخص،عبد العزيز السيد......وآخرون مترجم,
_eauthor
_922478
245 0 0 _aالدمج الشامل لذوي الإحتياجات الخاصة وتطبيقاته التربوية
264 3 1 _aالعين:دار الكتاب الجامعي،2000
300 _a368ص
336 _atext
_btxt
_2rdacontent
337 _aunmediated
_bn
_2rdamedia
338 _avolume
_bnc
_2rdacarrier
650 4 _aالفئات الخاصة-تعليم-علم النفس التربوي
_922479
999 _aA7985
_c11553
_d11553